| 000 | 00928nam a22002417a 4500 | ||
|---|---|---|---|
| 999 |
_c12965 _d12965 |
||
| 003 | AR-CdUCM | ||
| 008 | 190410b ||||| |||| 00| 0 spa d | ||
| 040 |
_aMUNICIPALIDAD PROVINCIAL DEL CUSCO _cBIBLIOTECA MUNICIPAL DEL CUSCO |
||
| 082 |
_a869.508 / _bT81 / 1974 |
||
| 100 |
_aTristan, Flora _95032 |
||
| 245 | _aEnsayos escogidos / | ||
| 260 |
_aLima : _bEdiciones PEISA, _c1974. |
||
| 300 |
_a190 páginas ; _c17 cm. |
||
| 440 |
_aBiblioteca Peruana. _911247 |
||
| 505 | _aContenido: Lima y sus costumbres -- Arequipa y sus costumbres -- La emancipación de la mujer -- Cartas de Bolívar -- Lóndres, la ciudad monstruo ... | ||
| 650 |
_aEnsayos peruanos _9233 |
||
| 650 |
_aCostumbrismo - Ensayos _910791 |
||
| 650 |
_aEnsayos - Siglo XX _910789 |
||
| 700 |
_aNúñez, Estuardo (Prólogo) _910792 |
||
| 710 |
_aGobierno Revolucionario del Perú (auspicio) _931040 |
||
| 942 |
_2ddc _cLIBROS |
||
| 945 |
_aachl _d2019-04-10 |
||